Plus Grandes Zones Exclusives Économiques (ZEE) par Continents - Statistiques

Statistiques générales
  • Ce quiz a été pris 95 fois
  • Le résultat moyen est 41 sur 50
Statistiques - réponses
Pays ZEE
(km²)
% Correct
1er États Unis 11 351 000
99%
1er France 11 696 000
99%
2ème Canada 5 599 077
98%
1er Russie 7 566 673
98%
2ème Russie 7 566 673
98%
7ème Espagne 1 039 233
96%
3ème Royaume Uni 6 805 586
96%
4ème Brésil 3 660 955
94%
4ème Chine 3 879 666
94%
9ème Italie 541 915
94%
3ème Japon 4 479 388
94%
1er Afrique du Sud 1 535 538
93%
5ème Mexique 3 177 593
93%
6ème Argentine 1 159 063
90%
1er Australie 9 025 053
90%
3ème Chili 3 675 279
90%
5ème Inde 2 305 143
90%
2ème Indonésie 6 159 032
90%
10ème Grèce 505 572
89%
5ème Norvège 2 385 178
89%
2ème Nouvelle Zélande 6 682 503
89%
6ème Portugal 1 727 408
89%
9ème Colombie 808 158
87%
4ème Danemark 2 731 148
87%
4ème Madagascar 1 225 259
87%
9ème Angola 518 433
84%
8ème Fidji 1 282 978
84%
8ème Pérou 815 915
83%
8ème Namibie 564 748
80%
5ème Somalie 825 052
80%
5ème Papouasie Nouvelle Guinée 2 402 288
79%
8ème Islande 751 345
78%
7ème Mozambique 578 986
77%
4ème Micronésie 2 996 419
76%
2ème Seychelles 1 336 559
76%
7ème Équateur 1 077 231
74%
6ème Îles Marshall 1 990 530
72%
6ème Philippines 1 590 780
72%
10ème Vanuatu 663 251
72%
3ème Kiribati 3 441 810
71%
6ème Cap Vert 800 561
70%
3ème Maurice 1 284 997
68%
8ème Yémen 552 669
67%
9ème Oman 533 180
66%
7ème Îles Salomon 1 589 477
65%
9ème Tuvalu 749 790
65%
7ème Maldives 923 322
63%
10ème Birmanie 532 775
61%
10ème Libye 351 589
57%
10ème Bahamas 654 715
54%
Aucun quiz correspondant
Distribution des résultats
% des personnes avec chaque résultat
Percentile par nombre de réponses
Votre historique - résultats
Vous n’avez pas pris ce quiz